004260000a22001210004500090001700000245005800017041001400075700003600089100003700125942001300162773011200175999001700287 aASbSeriadas10aNotas sobre Centronia () en Colombia0 aEspañol1 aBecerra de Lozano, Nubia9587101 aLozano Contreras, Gustavo920520 cARTICULO1 tRevista de la Academia Colombiana de Ciencias Exactas, Fisicas y Naturales332hSupl. Esp.q79-83d1999g23 c14175d14175